00381nam a2200133Ia 4500008004100000020001500041041001200056100001600068245008900084260004000173300000800213650001200221700001400233221030s9999 xx 000 0 und d a8173719141 aEnglish aH. Bhargava 0aBITS of Success - Inspiring Stories of BITS Pilani Alumnicby H. Bhargava, K. Murthy bUniversities PressaHyderabadc2014 a193 aGeneral aK. Murthy